[Event "Titled Tuesday intern op 11th Mar Early"]
[Site "Chess.com INT"]
[Date "2025.03.11"]
[Round "6"]
[White "Giri, Anish"]
[Black "Xiong, Jeffery"]
[Result "0-1"]
[WhiteElo "2737"]
[BlackElo "2636"]
[PlyCount "100"]
[EventDate "2025.03.11"]
[EventType "swiss (blitz)"]
[EventRounds "11"]
[EventCountry "USA"]
[SourceTitle "CB12_2025"]
[SourceDate "2025.03.19"]
[SourceVersion "1"]
[SourceVersionDate "2025.03.19"]
[SourceQuality "1"]

1. c4 e6 2. Nc3 d5 3. d4 Nf6 4. cxd5 exd5 5. Bg5 c6 6. e3 Be7 7. Bd3 Nbd7 8. Nge2 Nf8 9. 0-0 Ne6 10. Bh4 0-0 11. Qc2 g6 12. f3 Re8 13. Rad1 Bd7 14. Qc1 b5 15. Kh1 Rc8 16. Nf4 Ng7 17. Qd2 Bf5 18. Be2 h6 19. Nd3 g5 20. Bf2 Bh7 21. Ne5 a6 22. Bd3 Bxd3 23. Nxd3 Ne6 24. Ne2 Bd6 25. Bg3 Nh5 26. Bxd6 Qxd6 27. Rc1 Neg7 28. Nc5 Re7 29. e4 f6 30. b4 Rce8 31. Nc3 Nf4 32. Rce1 Nge6 33. Nxa6 Kg7 34. Rd1 Ra7 35. Nc5 Ra3 36. Rfe1 Nxc5 37. dxc5 Qb8 38. exd5 Rxe1+ 39. Rxe1 cxd5 40. Nxd5 Rd3 41. Re7+ Kf8 42. Qc2 Nxd5 43. Rh7 Qe5 44. h3 Qe1+ 45. Kh2 Qe5+ 46. Kh1 Qe1+ 47. Kh2 Rd1 48. Rxh6 Qe5+ 49. g3 Ne3 50. Qe2 Nf1+ 0-1

[Event "Titled Tuesday intern op 11th Mar Early"]
[Site "Chess.com INT"]
[Date "2025.03.11"]
[Round "7"]
[White "Sarana, Alexey"]
[Black "Xiong, Jeffery"]
[Result "0-1"]
[WhiteElo "2689"]
[BlackElo "2636"]
[PlyCount "102"]
[EventDate "2025.03.11"]
[EventType "swiss (blitz)"]
[EventRounds "11"]
[EventCountry "USA"]
[SourceTitle "CB12_2025"]
[SourceDate "2025.03.19"]
[SourceVersion "1"]
[SourceVersionDate "2025.03.19"]
[SourceQuality "1"]

1. d4 Nf6 2. c4 e6 3. Nc3 Bb4 4. e3 0-0 5. Bd3 d5 6. a3 dxc4 7. Bxc4 Bd6 8. Nf3 c5 9. dxc5 Bxc5 10. Qe2 a6 11. e4 b5 12. Ba2 Bb7 13. Bg5 h6 14. Rd1 Qc7 15. Bh4 Nh5 16. 0-0 Nc6 17. e5 Nf4 18. Qe4 Ng6 19. Bg3 Nd4 20. Qd3 Nxf3+ 21. gxf3 Rad8 22. Qe2 Bd4 23. Rc1 Qe7 24. f4 Nh4 25. Rfd1 Nf3+ 26. Kf1 Bxc3 27. Rxc3 Rxd1+ 28. Qxd1 Rd8 29. Rd3 Rxd3 30. Qxd3 Qc7 31. Qc3 Qd7 32. Ke2 Ng1+ 33. Ke1 Nf3+ 34. Ke2 Be4 35. Ke3 Ba8 36. Bb1 g6 37. Bd3 Qa7+ 38. Ke2 Nd4+ 39. Ke1 Nf3+ 40. Ke2 Nd4+ 41. Kf1 Qd7 42. Bh4 Nf5 43. Bf6 Kh7 44. Ke2 Nd4+ 45. Ke3 Nf5+ 46. Bxf5 gxf5 47. Qc5 Qd1 48. Qc8 Qe1+ 49. Kd4 Qd2+ 50. Kc5 Qc2+ 51. Kb6 Qxc8 0-1

[Event "Titled Tuesday intern op 11th Mar Early"]
[Site "Chess.com INT"]
[Date "2025.03.11"]
[Round "4"]
[White "Sevian, Samuel"]
[Black "Xiong, Jeffery"]
[Result "1/2-1/2"]
[WhiteElo "2692"]
[BlackElo "2636"]
[PlyCount "103"]
[EventDate "2025.03.11"]
[EventType "swiss (blitz)"]
[EventRounds "11"]
[EventCountry "USA"]
[SourceTitle "CB12_2025"]
[SourceDate "2025.03.19"]
[SourceVersion "1"]
[SourceVersionDate "2025.03.19"]
[SourceQuality "1"]

1. d4 d5 2. Nf3 Nf6 3. c4 c5 4. cxd5 cxd4 5. Nxd4 Nxd5 6. e4 Nf6 7. Nc3 e5 8. Bb5+ Bd7 9. Nf3 Bb4 10. Bd3 0-0 11. 0-0 Bxc3 12. bxc3 Nc6 13. Rb1 b6 14. Bg5 h6 15. Bh4 Be6 16. Qe2 Qe7 17. Bb5 Rac8 18. Rbd1 Qc5 19. Bxf6 gxf6 20. Nh4 Ne7 21. Bd7 Qc4 22. Qh5 Qxe4 23. Bxc8 Rxc8 24. Qxh6 Nd5 25. Rxd5 Bxd5 26. Qxf6 Be6 27. Qg5+ Kh7 28. Nf3 Qf4 29. Qh5+ Kg7 30. Ng5 Rh8 31. Nxe6+ fxe6 32. g3 Rxh5 33. gxf4 exf4 34. Re1 Kf6 35. Re4 e5 36. Ra4 Rh7 37. Kg2 Rc7 38. h4 Kf5 39. f3 a5 40. c4 Rd7 41. Ra3 Rd2+ 42. Kf1 Rb2 43. Rb3 Rxa2 44. Rxb6 Rc2 45. Ra6 Rxc4 46. Rxa5 Rc3 47. Kf2 Rc2+ 48. Kg1 Rc1+ 49. Kf2 Rc2+ 50. Kg1 Rc1+ 51. Kg2 Rc2+ 52. Kg1 1/2-1/2

[Event "Titled Tuesday intern op 11th Mar Late"]
[Site "Chess.com INT"]
[Date "2025.03.11"]
[Round "6"]
[White "Xiong, Jeffery"]
[Black "Maghsoodloo, Parham"]
[Result "0-1"]
[WhiteElo "2636"]
[BlackElo "2677"]
[PlyCount "107"]
[EventDate "2025.03.11"]
[EventType "swiss (blitz)"]
[EventRounds "11"]
[EventCountry "USA"]
[SourceTitle "CB12_2025"]
[SourceDate "2025.03.19"]
[SourceVersion "1"]
[SourceVersionDate "2025.03.19"]
[SourceQuality "1"]

1. e4 c5 2. Nf3 d6 3. Nc3 a6 4. d4 cxd4 5. Qxd4 Nc6 6. Qd3 g6 7. Nd5 e6 8. Ne3 Nf6 9. Be2 Be7 10. 0-0 0-0 11. a4 Qc7 12. c3 Rd8 13. Rd1 b6 14. Nc4 Rb8 15. Bf4 Nh5 16. Bg5 b5 17. axb5 axb5 18. Bxe7 Nxe7 19. Ncd2 Nf4 20. Qe3 e5 21. Bf1 Nc6 22. g3 Ne6 23. Qh6 f6 24. Nb3 Qg7 25. Qxg7+ Kxg7 26. Na5 Nxa5 27. Rxa5 b4 28. Ra7+ Rb7 29. Ra6 bxc3 30. bxc3 Rbd7 31. Rb6 Nc5 32. Nd2 d5 33. Bb5 Rc7 34. exd5 Rxd5 35. Rc6 Rxc6 36. Bxc6 Rd3 37. Bb5 Rxc3 38. Nc4 Bg4 39. Ra1 Nb3 40. Ra7+ Kh6 41. Ne3 Bf3 42. Bf1 Nd2 43. Ra1 f5 44. Bg2 f4 45. gxf4 exf4 46. Nf1 Bxg2 47. Nxd2 Bd5 48. Re1 Rd3 49. Ne4 g5 50. Nf6 Bf3 51. Ne4 Kg6 52. h3 Bxe4 53. Rxe4 Rxh3 54. Kg2 0-1